Effect of confinement on dynamic behavior of masonry structure (Record no. 554235)
[ view plain ]
| 000 -LEADER | |
|---|---|
| fixed length control field | 00558nam a22001817a 4500 |
| 082 ## - DEWEY DECIMAL CLASSIFICATION NUMBER | |
| Classification number | P-830 |
| -- | Syn-31 |
| 100 ## - MAIN ENTRY--PERSONAL NAME | |
| Personal name | Fahad Shabbir Cheema |
| 9 (RLIN) | 51561 |
| 245 ## - TITLE STATEMENT | |
| Title | Effect of confinement on dynamic behavior of masonry structure |
| 260 ## - PUBLICATION, DISTRIBUTION, ETC. | |
| Place of publication, distribution, etc. | Risalpur, |
| Name of publisher, distributor, etc. | MCE, |
| Date of publication, distribution, etc. | 2019. |
| 300 ## - PHYSICAL DESCRIPTION | |
| Extent | 107p. |
| Other physical details | ill. |
| Dimensions | 30cm. |
| 526 ## - STUDY PROGRAM INFORMATION NOTE | |
| Program name | 0 |
| Interest level | 0 |
| Reading level | 0 |
| Title point value | P_830 |
| 700 ## - ADDED ENTRY--PERSONAL NAME | |
| Personal name | Hafiz Muhammad Faheem |
| 9 (RLIN) | 51562 |
| 700 ## - ADDED ENTRY--PERSONAL NAME | |
| Personal name | Maj Dr Muhammad Rizwan |
| 9 (RLIN) | 48119 |
| 700 ## - ADDED ENTRY--PERSONAL NAME | |
| Personal name | Muhammad Talha Javed |
| 9 (RLIN) | 51563 |
| 700 ## - ADDED ENTRY--PERSONAL NAME | |
| Personal name | Numan Ahmed |
| 9 (RLIN) | 51564 |
| 700 ## - ADDED ENTRY--PERSONAL NAME | |
| Personal name | Syed Noor-Ul-Arifeen Shah |
| 9 (RLIN) | 51565 |
| 942 ## - ADDED ENTRY ELEMENTS (KOHA) | |
| Source of classification or shelving scheme | |
| Koha item type | Book |
| Withdrawn status | Lost status | Source of classification or shelving scheme | Damaged status | Not for loan | Permanent Location | Current Location | Date acquired | Total Checkouts | Full call number | Barcode | Date last seen | Price effective from | Koha item type |
|---|---|---|---|---|---|---|---|---|---|---|---|---|---|
| Military College of Engineering (MCE) | Military College of Engineering (MCE) | 08/17/2019 | P-830 | MCE-P-830 | 08/17/2019 | 08/17/2019 | Book |
